00586pab a2200193 454500008004000000100001900040245005700059260000900116300001400125362001200139650003000151650001400181700001700195773004300212908000600255909001000261999001700271952010400288180718b2011 xxu||||| |||| 00| 0 eng d aPandey, Arvind aMortality, morbidity and burden of diseases in Bihar c2011 ap.74-103. aJul-Dec aMortality - India - Bihar aMortality aSanjay Kumar aJournal of Social and Economic Studies aN a95360 c95360d95360 00104070aIIPAbIIPAd2018-07-19hVolume no: 21, Issue no: 2pAR95820r2018-07-19w2018-07-19yAR